Teoría y problemas de ecuaciones diferenciales

Saved in:
Bibliographic Details
Main Author: Ayres, Frank (Author)
Format: Book
Language:Spanish
Published: Ciudad de México McGraw-Hill 1991
Edition:1a. ed
Series:Compendios Schaum
Subjects:
Tags: Add Tag
No Tags, Be the first to tag this record!

MARC

LEADER 00000nam a2200000 a 4500
001 UCX6998
003 CL-VaPUC
008 930909e19910000MX |||||||||||||||||spa|d
020 |a 9701000048 
082 0 4 |a 515.35  |b AYR  |2 21 
100 0 |a Ayres, Frank  |e author  |9 323713 
245 1 0 |a Teoría y problemas de ecuaciones diferenciales 
250 |a 1a. ed 
300 |a 296 p 
942 |c BK 
945 |d 19930909 00:00:00  |a mfernand 
260 |a Ciudad de México  |b McGraw-Hill  |c 1991 
650 7 |a ECUACIONES DIFERENCIALES PROBLEMAS, EJERCICIOS, ETC  |2 CL-VaPUC  |9 323714 
650 0 |a Matemática  |9 260235 
650 0 |a Ecuaciones  |9 260137 
583 |a last modification  |c 19930909 00:00:00  |k Rodrigo Vera 
490 0 |a Compendios Schaum 
999 |c 226921  |d 226919 
952 |0 0  |1 0  |4 0  |6 515_350000000000000_AYR_1991  |7 0  |8 A  |9 225614  |a BIBCUR  |b BIBCUR  |d 2019-11-15  |i 2942674  |o 515.35 AYR 1991  |p 2942674  |r 2025-04-22  |w 2019-11-15  |y BK  |k BCB 
952 |0 0  |1 0  |4 0  |6 515_350000000000000_AYR_1991  |7 0  |8 A  |9 225615  |a BIBCUR  |b BIBCUR  |d 2019-11-15  |i 2942682  |l 1  |o 515.35 AYR 1991  |p 2942682  |r 2025-04-22  |s 2022-03-08  |w 2019-11-15  |y BK  |k BCB 
952 |0 0  |1 0  |2 ddc  |4 0  |6 515_350000000000000_AYR_1991  |7 0  |8 A  |9 225616  |a BIBING  |b BIBING  |c RES  |d 2019-11-15  |i 4096681  |o 515.35 AYR 1991  |p 4096681  |r 2025-01-20  |w 2019-11-15  |y BK  |k ING